| 000 | 00566nam a2200217 a 4500 | ||
|---|---|---|---|
| 001 | BRCA_6519 | ||
| 005 | 20190320205504.0 | ||
| 008 | 280911s1910----gw-#######---#000-0#ger-# | ||
| 041 | _ager | ||
| 044 | _agw | ||
| 050 | 4 |
_aHQ198 _b.H48 1910 |
|
| 100 | 1 |
_aHessen, Robert _d1854-1921 _916275 |
|
| 245 | 1 | 0 |
_aDie Prostitution in Deutschland _cvon Robert Hessen. |
| 260 |
_aMúnich _bAlbert Langen _c1910 |
||
| 300 |
_a240 p. _c18 cm. |
||
| 500 | _aIncluye índice alfabético | ||
| 500 | _aL56 | ||
| 650 | 1 | 4 |
_aProstitución _916276 |
| 902 | _aGFM | ||
| 942 |
_2lcc _cB |
||
| 999 |
_c6203 _d6203 |
||